000 00551nam a2200193Ia 4500
003 GCL
008 140319s9999 xx 000 0 eng d
040 _aGCL /
_cGCL
082 0 4 _a423
_bB A
100 1 _aMAKKAI, ADAM
245 1 0 _aA DICTIONARY OF AMERICAN IDIOMS /
_cMAKKAI, ADAM
700 1 _aBOATNER, AXINE TULL
700 1 _aGATES, JOHN EDWARD
260 _a[S.N] :
_bBARRON, EDUCATIONAL SERIES ،
_c1975
300 _a392 P
650 0 4 _aENGLISH LANGUAGE - U.S - DICTIONARY
650 0 4 _aENGLISH LANGUAGE - DICTIONARIES
942 _2ddc
_cBK
999 _c16058
_d16058